[Event "AUT-ch Seniors 50"]
[Site "Vienna"]
[Date "2023.05.18"]
[Round "4"]
[White "Albadri, Abd Al Sattar"]
[Black "Schwaiger, Michael"]
[Result "1/2-1/2"]
[WhiteElo "2184"]
[BlackElo "2042"]
[PlyCount "74"]
[EventDate "2023.05.15"]
[EventType "swiss"]
[EventRounds "7"]
[EventCountry "AUT"]
[SourceTitle "CBM 214 Extra"]
[Source "ChessBase"]
[SourceDate "2023.07.31"]
[SourceVersion "1"]
[SourceVersionDate "2023.07.31"]
[SourceQuality "1"]

1. d4 Nf6 2. c4 e5 3. dxe5 Ng4 4. Bf4 Nc6 5. Nf3 Bb4+ 6. Nbd2 Qe7 7. a3 Ngxe5 8. Nxe5 Nxe5 9. e3 Bc5 10. Be2 d6 11. 0-0 a5 12. Qc2 g5 13. Bg3 h5 14. b4 axb4 15. axb4 Rxa1 16. Rxa1 Bxb4 17. Ra8 0-0 18. Bxh5 Bxd2 19. Qxd2 Nxc4 20. Qd4 Ne5 21. h4 c5 22. Qa1 gxh4 23. Bf4 Qf6 24. Be2 Kg7 25. Qa5 Ng6 26. Bh2 h3 27. Qc7 Be6 28. Rxf8 Qa1+ 29. Bf1 Kxf8 30. Bxd6+ Kg8 31. Qxc5 hxg2 32. Kxg2 Nh4+ 33. Kg1 Nf3+ 34. Kg2 Nh4+ 35. Kg1 Nf3+ 36. Kg2 Nh4+ 37. Kg1 Nf3+ 1/2-1/2

[Event "AUT-ch Seniors 50"]
[Site "Vienna"]
[Date "2023.05.17"]
[Round "3"]
[White "Opl, Klaus1111"]
[Black "Albadri, Abd Al Sattar"]
[Result "0-1"]
[WhiteElo "1763"]
[BlackElo "2184"]
[PlyCount "88"]
[EventDate "2023.05.15"]
[EventType "swiss"]
[EventRounds "7"]
[EventCountry "AUT"]
[SourceTitle "CBM 214 Extra"]
[Source "ChessBase"]
[SourceDate "2023.07.31"]
[SourceVersion "1"]
[SourceVersionDate "2023.07.31"]
[SourceQuality "1"]

1. e4 e6 2. b3 c5 3. Bb2 b6 4. Nc3 Bb7 5. f4 Nf6 6. d3 Qc7 7. Qd2 a6 8. a4 Nc6 9. Nf3 Be7 10. Be2 0-0 11. 0-0 Rac8 12. Rae1 d5 13. e5 Nd7 14. Bd1 d4 15. Ne4 Nb4 16. Qf2 Nd5 17. Bc1 Nb8 18. Qg3 Rfd8 19. Qh3 Ne3 20. Bxe3 Bxe4 21. Bc1 Bd5 22. Nd2 b5 23. axb5 axb5 24. Bf3 Qd7 25. f5 exf5 26. Bxd5 Qxd5 27. Qxf5 Rc6 28. Qf4 Bg5 29. Qf3 Be3+ 30. Kh1 Rg6 31. Rxe3 dxe3 32. Ne4 Nc6 33. e6 Qxe6 34. Bxe3 Ne5 35. Qh5 h6 36. Nxc5 Qc6 37. Ne4 Qxc2 38. Ng3 Ng4 39. Ba7 Qxd3 40. b4 Rd5 41. Qh4 Nf6 42. Qf4 Qc4 43. Qf3 Qxb4 44. Nh5 Rxh5 0-1

[Event "Wch Seniors 50 30th"]
[Site "Assisi"]
[Date "2022.11.17"]
[Round "3"]
[White "Albadri, Abd Al Sattar"]
[Black "Lescano, Ramon D"]
[Result "1-0"]
[WhiteElo "2167"]
[BlackElo "2000"]
[PlyCount "133"]
[EventDate "2022.11.15"]
[EventType "swiss"]
[EventRounds "11"]
[EventCountry "ITA"]
[SourceTitle "CBM 211 Extra"]
[Source "ChessBase"]
[SourceDate "2023.01.31"]
[SourceVersion "1"]
[SourceVersionDate "2023.01.31"]
[SourceQuality "1"]

1. d4 d5 2. c4 e6 3. e3 c6 4. Nf3 f5 5. Nc3 Nf6 6. Bd3 Bd6 7. Qc2 Ne4 8. Ne5 Nd7 9. f4 0-0 10. 0-0 a5 11. b3 Ndf6 12. Bb2 Bd7 13. c5 Bxe5 14. fxe5 Ng4 15. Bxe4 fxe4 16. Rxf8+ Qxf8 17. Qe2 Qf5 18. h3 Nh6 19. Na4 Rf8 20. Nb6 Be8 21. Rf1 Qg5 22. Rxf8+ Kxf8 23. Qf2+ Nf5 24. Bc1 Kg8 25. Bd2 h5 26. Nc8 Qd8 27. Nd6 Nxd6 28. exd6 b5 29. Qe1 b4 30. Qf1 Qa8 31. Be1 Bd7 32. Bh4 a4 33. Be7 axb3 34. axb3 Kh7 35. Qf7 Qe8 36. Qxe8 Bxe8 37. Bd8 Kg6 38. Ba5 Kf7 39. Bxb4 Bd7 40. Kf2 g5 41. Ba5 Kf6 42. g4 hxg4 43. hxg4 Kf7 44. Kg3 Ke8 45. b4 Kf7 46. Bd8 Kg6 47. Kf2 Kh6 48. Ke1 Kg6 49. Kd2 Be8 50. Be7 Bd7 51. Kc3 Be8 52. Bd8 Bd7 53. Kb3 Be8 54. Ba5 Kf7 55. b5 cxb5 56. Bc3 Bc6 57. Kb4 Ke8 58. Ka5 Kd7 59. Bb4 Kc8 60. Kb6 Kd7 61. Bc3 b4 62. Bxb4 Ba4 63. Be1 Bc6 64. Bg3 Ba4 65. Be5 Bc6 66. Bf6 Ba4 67. Bxg5 1-0

[Event "AUT-ch"]
[Site "Vienna"]
[Date "2022.08.18"]
[Round "8"]
[White "Hoegl, Emanuel"]
[Black "Albadri, Abd Al Sattar"]
[Result "1/2-1/2"]
[WhiteElo "2094"]
[BlackElo "2161"]
[PlyCount "91"]
[EventDate "2022.08.12"]
[EventType "swiss"]
[EventRounds "9"]
[EventCountry "AUT"]
[SourceTitle "CBM 209 Extra"]
[Source "ChessBase"]
[SourceDate "2022.09.30"]
[SourceVersion "1"]
[SourceVersionDate "2022.09.30"]
[SourceQuality "1"]

1. d4 Nf6 2. c4 c5 3. d5 b5 4. cxb5 a6 5. bxa6 Bxa6 6. Nc3 d6 7. e4 Bxf1 8. Kxf1 g6 9. Nf3 Bg7 10. g3 0-0 11. Kg2 Nbd7 12. a4 Qa5 13. Qe2 Rfb8 14. Ra3 Qb4 15. Qc2 Ng4 16. Nb5 Nge5 17. Nxe5 Nxe5 18. Bd2 Qc4 19. Rc1 Qxc2 20. Rxc2 c4 21. Kf1 Nd3 22. Rxc4 Nxb2 23. Rb4 Rc8 24. Bc3 Nd3 25. Rb1 Nc5 26. Bxg7 Kxg7 27. Nc3 Ra6 28. a5 Rca8 29. Rb5 R8a7 30. Na2 Nb7 31. Nb4 Rxa5 32. Rbxa5 Rxa5 33. Rxa5 Nxa5 34. Nc6 Nc4 35. Ke2 Kf8 36. Kd3 Nb6 37. Nd4 Nd7 38. f4 Nf6 39. Nf3 h6 40. Kd4 Ke8 41. e5 Nd7 42. g4 Nc5 43. h4 Nd7 44. h5 Kf8 45. Nh4 Kg7 46. Nf3 1/2-1/2

[Event "AUT-ch"]
[Site "Vienna"]
[Date "2022.08.16"]
[Round "6"]
[White "Ivanyk, Igor"]
[Black "Albadri, Abd Al Sattar"]
[Result "0-1"]
[WhiteElo "2002"]
[BlackElo "2161"]
[PlyCount "68"]
[EventDate "2022.08.12"]
[EventType "swiss"]
[EventRounds "9"]
[EventCountry "AUT"]
[SourceTitle "CBM 209 Extra"]
[Source "ChessBase"]
[SourceDate "2022.09.30"]
[SourceVersion "1"]
[SourceVersionDate "2022.09.30"]
[SourceQuality "1"]

1. e4 e6 2. d4 d5 3. Nc3 dxe4 4. Nxe4 Nd7 5. Nf3 Ngf6 6. Bd3 Nxe4 7. Bxe4 Nf6 8. Bg5 Be7 9. Bxf6 Bxf6 10. Qd3 h6 11. 0-0-0 0-0 12. h4 Qd6 13. g3 Bd7 14. Kb1 Bc6 15. Ng5 Rfd8 16. Nf3 Bxe4 17. Qxe4 c5 18. c3 b5 19. Rhe1 c4 20. Ne5 Rac8 21. f4 b4 22. Qb7 Be7 23. Qf3 Qb6 24. Ka1 Qb5 25. Qe2 Rc7 26. f5 exf5 27. Qh5 Bf6 28. Qxf5 Re7 29. cxb4 Qxb4 30. Qc2 Rxd4 31. Nf3 Rxd1+ 32. Rxd1 Re3 33. Nd2 Re2 34. Qc1 c3 0-1

[Event "AUT-ch"]
[Site "Vienna"]
[Date "2022.08.15"]
[Round "5"]
[White "Albadri, Abd Al Sattar"]
[Black "Kristoferitsch, Daniel"]
[Result "0-1"]
[WhiteElo "2161"]
[BlackElo "2303"]
[PlyCount "92"]
[EventDate "2022.08.12"]
[EventType "swiss"]
[EventRounds "9"]
[EventCountry "AUT"]
[SourceTitle "CBM 209 Extra"]
[Source "ChessBase"]
[SourceDate "2022.09.30"]
[SourceVersion "1"]
[SourceVersionDate "2022.09.30"]
[SourceQuality "1"]

1. d4 Nf6 2. c4 e6 3. Nc3 Bb4 4. Qc2 c5 5. dxc5 Qc7 6. a3 Bxc5 7. Nf3 a6 8. e3 Be7 9. Bd3 b6 10. 0-0 Bb7 11. e4 d6 12. h3 Nbd7 13. b4 Rc8 14. Bb2 Rg8 15. Qe2 g5 16. Rac1 h5 17. Nd5 exd5 18. cxd5 Qd8 19. Rxc8 Qxc8 20. e5 dxe5 21. Rc1 Qd8 22. d6 Bxd6 23. Nxe5 Nxe5 24. Bxe5 Kf8 25. Bxa6 Bxe5 26. Bxb7 Qe7 27. Bf3 Bd6 28. Bxh5 Qxe2 29. Bxe2 Ke7 30. Rc6 Rb8 31. Bc4 Nd7 32. Bd5 Ne5 33. Rc3 Rd8 34. Re3 Kf6 35. Be4 Bb8 36. g3 Rd4 37. Bh7 Bd6 38. Kg2 Ke6 39. g4 Kd5 40. Bf5 Nc4 41. Rc3 Rd2 42. Bh7 Kd4 43. Rf3 Bf4 44. Kf1 Ne5 45. Rb3 Kc4 46. Rb1 Ra2 0-1

[Event "AUT-ch"]
[Site "Vienna"]
[Date "2022.08.12"]
[Round "1"]
[White "Albadri, Abd Al Sattar"]
[Black "Horvath, Dominik"]
[Result "0-1"]
[WhiteElo "2161"]
[BlackElo "2489"]
[PlyCount "42"]
[EventDate "2022.08.12"]
[EventType "swiss"]
[EventRounds "9"]
[EventCountry "AUT"]
[SourceTitle "CBM 209 Extra"]
[Source "ChessBase"]
[SourceDate "2022.09.30"]
[SourceVersion "1"]
[SourceVersionDate "2022.09.30"]
[SourceQuality "1"]

1. d4 d5 2. c4 e6 3. e3 Nf6 4. Nf3 a6 5. a4 c5 6. Nc3 cxd4 7. exd4 Nc6 8. cxd5 Nxd5 9. Bc4 Bb4 10. Qd3 Be7 11. 0-0 0-0 12. h3 Ncb4 13. Qe2 b6 14. Ne5 Bb7 15. Rd1 Rc8 16. Be3 Nxe3 17. fxe3 Bd6 18. b3 Bxe5 19. dxe5 Qg5 20. Rd6 Qxe5 21. Qd2 Nd5 0-1

[Event "Vienna op-A"]
[Site "Vienna"]
[Date "2016.08.19"]
[Round "4"]
[White "Miedema, David"]
[Black "Albadri, Abd Al Sattar"]
[Result "1-0"]
[WhiteElo "2368"]
[BlackElo "2183"]
[PlyCount "59"]
[EventDate "2016.08.16"]
[EventType "swiss"]
[EventRounds "9"]
[EventCountry "AUT"]
[SourceTitle "CBM 173 Extra"]
[Source "ChessBase"]
[SourceDate "2016.08.29"]
[SourceVersion "1"]
[SourceVersionDate "2016.08.29"]
[SourceQuality "1"]

1. d4 Nf6 2. c4 c5 3. d5 b5 4. cxb5 a6 5. bxa6 Bxa6 6. Nc3 d6 7. Nf3 g6 8. e4 Bxf1 9. Kxf1 Nbd7 10. g3 Bg7 11. Kg2 0-0 12. a4 Qb6 13. Qc2 Rfb8 14. Nb5 Ne8 15. Bd2 Nc7 16. Nxc7 Qxc7 17. Rhb1 Qb7 18. Ra3 Nf6 19. b4 cxb4 20. Rxb4 Qd7 21. Rxb8+ Rxb8 22. a5 Rc8 23. Qd3 Qa7 24. Be3 Qa8 25. Nd4 Nd7 26. Nc6 Bf6 27. a6 Kf8 28. a7 Nc5 29. Bxc5 dxc5 30. Qa6 1-0

[Event "Vienna op 18th"]
[Site "Vienna"]
[Date "2013.08.21"]
[Round "5"]
[White "Albadri, Abd Al Sattar"]
[Black "Lugovskoy, Maxim"]
[Result "0-1"]
[WhiteElo "2233"]
[BlackElo "2372"]
[PlyCount "60"]
[EventDate "2013.08.17"]
[EventType "swiss"]
[EventRounds "9"]
[EventCountry "AUT"]
[SourceTitle "CBM 156 Extra"]
[Source "ChessBase"]
[SourceDate "2013.10.22"]
[SourceVersion "1"]
[SourceVersionDate "2013.10.22"]
[SourceQuality "1"]

1. d4 e6 2. c4 d5 3. cxd5 exd5 4. Nc3 c6 5. Bf4 Nf6 6. e3 Bf5 7. Bd3 Bxd3 8. Qxd3 Be7 9. Nf3 Nbd7 10. h3 0-0 11. 0-0 Re8 12. Rab1 a5 13. Ne5 Nxe5 14. Bxe5 Bd6 15. f4 Bb4 16. a3 Bxc3 17. bxc3 b5 18. a4 bxa4 19. Qf5 a3 20. Qg5 h6 21. Qg3 Nh5 22. Qg4 Nf6 23. Qg3 Qe7 24. Rb7 Nh5 25. Rxe7 Nxg3 26. Rxe8+ Rxe8 27. Ra1 Ne2+ 28. Kf2 Nxc3 29. Rxa3 Nb5 30. Rxa5 f6 0-1

[Event "Vienna op 18th"]
[Site "Vienna"]
[Date "2013.08.20"]
[Round "4"]
[White "Mahdy, Khaled"]
[Black "Albadri, Abd Al Sattar"]
[Result "1/2-1/2"]
[WhiteElo "2397"]
[BlackElo "2233"]
[PlyCount "32"]
[EventDate "2013.08.17"]
[EventType "swiss"]
[EventRounds "9"]
[EventCountry "AUT"]
[SourceTitle "CBM 156 Extra"]
[Source "ChessBase"]
[SourceDate "2013.10.22"]
[SourceVersion "1"]
[SourceVersionDate "2013.10.22"]
[SourceQuality "1"]

1. e4 e5 2. Nf3 Nf6 3. Nxe5 d6 4. Nf3 Nxe4 5. d4 d5 6. Bd3 Bd6 7. 0-0 0-0 8. c4 c6 9. Nc3 Nxc3 10. bxc3 dxc4 11. Bxc4 Bg4 12. h3 Bh5 13. Re1 Nd7 14. Bd3 Re8 15. Rxe8+ Qxe8 16. Bd2 Nf6 1/2-1/2

[Event "Vienna Tschaturanga op"]
[Site "Vienna"]
[Date "2012.05.08"]
[Round "2"]
[White "Lechner, Marcus"]
[Black "Albadri, Abd Al Sattar"]
[Result "1/2-1/2"]
[WhiteElo "1941"]
[BlackElo "2212"]
[PlyCount "72"]
[EventDate "2012.05.07"]
[EventType "swiss"]
[EventRounds "7"]
[EventCountry "AUT"]
[SourceTitle "CBM 148 Extra"]
[Source "ChessBase"]
[SourceDate "2012.06.22"]
[SourceVersion "1"]
[SourceVersionDate "2012.06.22"]
[SourceQuality "1"]

1. c4 Nf6 2. Nc3 g6 3. g3 Bg7 4. Bg2 0-0 5. Nf3 d6 6. 0-0 c6 7. d4 Nbd7 8. Qc2 e5 9. dxe5 Nxe5 10. b3 Bf5 11. Qd2 Nxf3+ 12. exf3 d5 13. g4 Be6 14. g5 Nh5 15. cxd5 Qa5 16. b4 Qxb4 17. Rb1 Bxc3 18. Rxb4 Bxd2 19. Bxd2 Bxd5 20. Rxb7 Bxa2 21. Ra1 Bd5 22. Rbxa7 c5 23. Rxa8 Rxa8 24. Rxa8+ Bxa8 25. f4 Bxg2 26. Kxg2 f5 27. Kf3 Kf7 28. Be3 c4 29. Bd4 Ke6 30. Ke3 Kd5 31. Be5 Kc5 32. Kd2 Kb4 33. Kc2 Kb5 34. Kc3 Kc5 35. Kd2 Kd5 36. Ke2 Kc5 1/2-1/2

[Event "Vienna State-ch"]
[Site "Vienna"]
[Date "2011.09.14"]
[Round "5"]
[White "Stanec, Nikolaus"]
[Black "Albadri, Abd Al Sattar"]
[Result "1-0"]
[WhiteElo "2543"]
[BlackElo "2221"]
[PlyCount "114"]
[EventDate "2011.09.10"]
[EventType "tourn"]
[EventRounds "9"]
[EventCountry "AUT"]
[EventCategory "3"]
[SourceTitle "CBM 144 Extra"]
[Source "ChessBase"]
[SourceDate "2011.10.28"]
[SourceVersion "1"]
[SourceVersionDate "2011.10.28"]
[SourceQuality "1"]

1. g3 Nf6 2. Bg2 g6 3. e4 e5 4. Ne2 Bg7 5. 0-0 0-0 6. d4 d6 7. Nbc3 c6 8. a4 Be6 9. b3 Qd7 10. Ba3 Re8 11. Re1 Bh3 12. dxe5 dxe5 13. Qxd7 Bxd7 14. Nc1 Bf8 15. Bb2 Na6 16. Nd3 Nb4 17. Nxb4 Bxb4 18. Red1 Bc5 19. Na2 Bg4 20. Rd3 a5 21. h3 Be2 22. Rd2 Ba6 23. Bc3 b6 24. Bf3 Rad8 25. Rad1 Rxd2 26. Rxd2 Bc8 27. Kg2 Ba3 28. Rd1 Be6 29. Nc1 Nd7 30. Nd3 f6 31. Bg4 Kf7 32. Bxe6+ Kxe6 33. f4 Nc5 34. Nf2 exf4 35. gxf4 f5 36. exf5+ Kxf5 37. Kf3 Ne4 38. Re1 Nf6 39. Rg1 Nd5 40. Be5 Bc5 41. Rg5+ Ke6 42. Ne4 Be7 43. Rg2 b5 44. Nd2 bxa4 45. bxa4 g5 46. Re2 gxf4 47. Bc3+ Kd7 48. Bxa5 Ra8 49. Nc4 Rg8 50. Be1 Bc5 51. Ne5+ Kc7 52. c4 Nc3 53. Rd2 Bd6 54. Nf7 Bc5 55. Ne5 Bd6 56. Ng4 Nxa4 57. Nf6 Rb8 1-0

[Event "Vienna State-ch"]
[Site "Vienna"]
[Date "2011.09.11"]
[Round "2"]
[White "Danner, Lambert"]
[Black "Albadri, Abd Al Sattar"]
[Result "1/2-1/2"]
[WhiteElo "2105"]
[BlackElo "2221"]
[PlyCount "129"]
[EventDate "2011.09.10"]
[EventType "tourn"]
[EventRounds "9"]
[EventCountry "AUT"]
[EventCategory "3"]
[SourceTitle "CBM 144 Extra"]
[Source "ChessBase"]
[SourceDate "2011.10.28"]
[SourceVersion "1"]
[SourceVersionDate "2011.10.28"]
[SourceQuality "1"]

1. g3 e5 2. Bg2 Nf6 3. c4 Bc5 4. Nc3 a6 5. e3 Nc6 6. Nge2 0-0 7. 0-0 h6 8. b3 d6 9. h3 Bf5 10. d4 Ba7 11. Kh2 Rb8 12. dxe5 dxe5 13. Ba3 Re8 14. Qxd8 Nxd8 15. Rad1 c6 16. g4 Bc8 17. Bd6 Ra8 18. Bxe5 Rxe5 19. Rxd8+ Kh7 20. Rfd1 Bb6 21. R8d3 h5 22. gxh5 Rxh5 23. Ng3 Bc7 24. f4 Rh4 25. Nce4 Nxe4 26. Nxe4 Bf5 27. Ng5+ Kg8 28. Be4 Bxe4 29. Nxe4 Re8 30. Ng3 g5 31. Nf5 Rh7 32. Nd6 Bxd6 33. Rxd6 Rxe3 34. fxg5 Rhxh3+ 35. Kg2 Reg3+ 36. Kf2 Rxg5 37. Rd7 b5 38. Rc7 Rg6 39. Rg1 Rh2+ 40. Kf1 Rxg1+ 41. Kxg1 Rxa2 42. Rxc6 bxc4 43. Rxc4 a5 44. b4 axb4 45. Rxb4 Kg7 46. Rb6 f6 47. Rb5 Kg6 48. Kf1 f5 49. Rb4 Kg5 50. Rb8 Kg4 51. Rb4+ f4 52. Rb3 Rh2 53. Kg1 Rd2 54. Ra3 Rb2 55. Kf1 Rb4 56. Kf2 Re4 57. Ra8 Re6 58. Rg8+ Kf5 59. Ra8 Re7 60. Ra5+ Kg4 61. Ra8 Rg7 62. Rf8 Rg6 63. Ra8 Rf6 64. Rg8+ Kf5 65. Kf3 1/2-1/2

[Event "Vienna State-ch"]
[Site "Vienna"]
[Date "2011.09.10"]
[Round "1"]
[White "Albadri, Abd Al Sattar"]
[Black "Menezes, Christoph"]
[Result "1/2-1/2"]
[WhiteElo "2221"]
[BlackElo "2262"]
[PlyCount "46"]
[EventDate "2011.09.10"]
[EventType "tourn"]
[EventRounds "9"]
[EventCountry "AUT"]
[EventCategory "3"]
[SourceTitle "CBM 144 Extra"]
[Source "ChessBase"]
[SourceDate "2011.10.28"]
[SourceVersion "1"]
[SourceVersionDate "2011.10.28"]
[SourceQuality "1"]

1. d4 Nf6 2. Nf3 e6 3. c4 d5 4. Nc3 Bb4 5. Qa4+ Nc6 6. Ne5 Bd7 7. Nxd7 Qxd7 8. e3 0-0 9. a3 Bxc3+ 10. bxc3 Ne5 11. Qxd7 Nexd7 12. cxd5 exd5 13. f3 c5 14. Rb1 Rab8 15. Bd3 c4 16. Bc2 b5 17. Kf2 a5 18. e4 Rb6 19. Bf4 Ra8 20. Rhe1 Nh5 21. Bd2 Nhf6 22. e5 Ne8 23. a4 Nc7 1/2-1/2

[Event "AUT-ch"]
[Site "Vienna"]
[Date "2010.07.29"]
[Round "6"]
[White "Albadri, Abd Al Sattar"]
[Black "Weinzettl, Ernst"]
[Result "1/2-1/2"]
[WhiteElo "2216"]
[BlackElo "2325"]
[PlyCount "81"]
[EventDate "2010.07.24"]
[EventType "swiss"]
[EventRounds "9"]
[EventCountry "AUT"]
[SourceTitle "CBM 137 Extra"]
[Source "ChessBase"]
[SourceDate "2010.09.01"]
[SourceVersion "1"]
[SourceVersionDate "2010.09.01"]
[SourceQuality "1"]

1. d4 e6 2. Nf3 Nf6 3. e3 b6 4. Bd3 Bb7 5. Nbd2 c5 6. 0-0 cxd4 7. exd4 Be7 8. Qe2 0-0 9. c3 d6 10. Re1 Nbd7 11. Ng5 Qc7 12. f4 h6 13. Nge4 Nxe4 14. Nxe4 Rae8 15. Ng3 Bh4 16. Qg4 Bxg3 17. Qxg3 f5 18. Qg6 Nf6 19. c4 Be4 20. Bf1 Qf7 21. Qxf7+ Kxf7 22. b3 Rc8 23. Ba3 Rfd8 24. Rac1 g5 25. fxg5 hxg5 26. b4 a5 27. bxa5 bxa5 28. c5 dxc5 29. Rxc5 Rxc5 30. dxc5 Rd2 31. Bc1 Rxa2 32. Bxg5 Rc2 33. Rc1 Rxc1 34. Bxc1 Bc6 35. g3 Nd7 36. Ba3 e5 37. Bc4+ Kg6 38. Be6 Nf6 39. Bb2 Ne4 40. Bxe5 Nxc5 41. Bc4 1/2-1/2

[Event "AUT-ch"]
[Site "Vienna"]
[Date "2010.07.28"]
[Round "5"]
[White "Albadri, Abd Al Sattar"]
[Black "Karner, Christoph"]
[Result "1/2-1/2"]
[WhiteElo "2216"]
[BlackElo "2345"]
[PlyCount "123"]
[EventDate "2010.07.24"]
[EventType "swiss"]
[EventRounds "9"]
[EventCountry "AUT"]
[SourceTitle "CBM 137 Extra"]
[Source "ChessBase"]
[SourceDate "2010.09.01"]
[SourceVersion "1"]
[SourceVersionDate "2010.09.01"]
[SourceQuality "1"]

1. d4 Nf6 2. c4 e6 3. Nc3 Bb4 4. Qc2 d5 5. a3 Bxc3+ 6. Qxc3 Ne4 7. Qc2 c5 8. e3 cxd4 9. exd4 Nc6 10. Nf3 Qa5+ 11. Bd2 Nxd2 12. Qxd2 Qxd2+ 13. Kxd2 Na5 14. Kc3 dxc4 15. Bxc4 Nxc4 16. Kxc4 Bd7 17. Ne5 Rc8+ 18. Kb3 Bb5 19. Rac1 Ke7 20. a4 Ba6 21. Rc3 f6 22. Ng4 Kd6 23. Ne3 b6 24. Rhc1 Bb7 25. Kb4 Rc6 26. Nc4+ Kd7 27. g3 Rd8 28. a5 Kc7 29. axb6+ axb6 30. Rd1 Ba6 31. Ne3 Be2 32. Rxc6+ Kxc6 33. Rc1+ Kb7 34. Kc3 Bf3 35. Ra1 g5 36. Ra4 h5 37. Rb4 Kc6 38. Rc4+ Kb7 39. Rb4 Ka6 40. Ra4+ Kb7 41. Rb4 Kc7 42. Nc4 Rb8 43. Kd3 Bc6 44. Ke3 b5 45. Nd2 f5 46. Rb3 b4 47. Nf3 Bxf3 48. Kxf3 Kc6 49. Re3 Kd6 50. Re5 g4+ 51. Ke3 h4 52. f3 hxg3 53. hxg3 gxf3 54. Kxf3 b3 55. g4 fxg4+ 56. Kxg4 Rb4 57. Kf3 Rxd4 58. Rb5 Rd3+ 59. Ke4 Rh3 60. Rb6+ Ke7 61. Ke5 Rh5+ 62. Kd4 1/2-1/2

[Event "Vienna op 16th"]
[Site "Vienna"]
[Date "2009.08.19"]
[Round "5"]
[White "Midoux, Sebastien"]
[Black "Albadri, Abd Al Sattar"]
[Result "1-0"]
[WhiteElo "2331"]
[BlackElo "2174"]
[PlyCount "101"]
[EventDate "2009.08.15"]
[EventType "swiss"]
[EventRounds "9"]
[EventCountry "AUT"]
[SourceTitle "CBM 131 Extra"]
[Source "ChessBase"]
[SourceDate "2009.09.03"]
[SourceVersion "2"]
[SourceVersionDate "2009.09.16"]
[SourceQuality "1"]

1. d4 Nf6 2. c4 c5 3. d5 b5 4. cxb5 a6 5. e3 axb5 6. Bxb5 Qa5+ 7. Nc3 Bb7 8. Bd2 g6 9. a4 Bg7 10. Nf3 0-0 11. 0-0 Qb6 12. e4 e6 13. Bg5 d6 14. dxe6 fxe6 15. Qb3 Bc8 16. e5 Ng4 17. exd6 Qxd6 18. h3 Rxf3 19. hxg4 Bd4 20. Ne4 Rxb3 21. Nxd6 Ba6 22. Rae1 e5 23. Be3 Bxb2 24. Bxc5 Bxb5 25. axb5 Nd7 26. Be3 Ba3 27. Ra1 Rb8 28. Rfd1 Nf6 29. g5 Ng4 30. Ba7 Rd8 31. Nc4 Rxd1+ 32. Rxd1 Rxb5 33. Nxa3 Ra5 34. Nc4 Rxa7 35. f3 Rc7 36. Nd6 Ne3 37. Re1 Rc6 38. Ne4 Nc4 39. Rd1 Nb6 40. Rd8+ Kg7 41. Re8 h6 42. gxh6+ Kxh6 43. Rxe5 Rc7 44. Kh2 Rf7 45. Kh3 Nd7 46. Re6 Rf5 47. Re7 Rh5+ 48. Kg3 Nc5 49. Nf6 Rf5 50. Ng4+ Kg5 51. Ne3 1-0

[Event "Vienna op 16th"]
[Site "Vienna"]
[Date "2009.08.18"]
[Round "4"]
[White "Albadri, Abd Al Sattar"]
[Black "Wukits, Rene"]
[Result "1-0"]
[WhiteElo "2174"]
[BlackElo "2355"]
[PlyCount "81"]
[EventDate "2009.08.15"]
[EventType "swiss"]
[EventRounds "9"]
[EventCountry "AUT"]
[SourceTitle "CBM 131 Extra"]
[Source "ChessBase"]
[SourceDate "2009.09.03"]
[SourceVersion "2"]
[SourceVersionDate "2009.09.16"]
[SourceQuality "1"]

1. d4 Nf6 2. Nf3 e6 3. b3 c5 4. e3 b6 5. Bb2 Bb7 6. Nbd2 Be7 7. Bd3 d6 8. 0-0 Nbd7 9. Qe2 a6 10. c4 0-0 11. Rad1 Qc7 12. Rfe1 Rfe8 13. e4 cxd4 14. Nxd4 Ne5 15. Bb1 Ng6 16. Rc1 Rac8 17. h3 Qb8 18. N4f3 Nd7 19. Qe3 b5 20. h4 e5 21. g3 Bd8 22. h5 Ngf8 23. h6 g6 24. cxb5 axb5 25. b4 Ne6 26. a3 Bb6 27. Qe2 Bc6 28. Kg2 Qb7 29. Bd3 Bd8 30. Nb3 f5 31. exf5 Ng5 32. Rxc6 Qxc6 33. Bxb5 Qb7 34. Bc4+ Rxc4 35. Qxc4+ Kf8 36. Qg4 gxf5 37. Qxf5+ Kg8 38. Nbd2 Rf8 39. Qg4 Kf7 40. Kg1 Nxf3+ 41. Nxf3 1-0

[Event "Vienna op 16th"]
[Site "Vienna"]
[Date "2009.08.17"]
[Round "3"]
[White "Albadri, Abd Al Sattar"]
[Black "Schweitzer, Werner"]
[Result "1-0"]
[WhiteElo "2174"]
[BlackElo "2022"]
[PlyCount "136"]
[EventDate "2009.08.15"]
[EventType "swiss"]
[EventRounds "9"]
[EventCountry "AUT"]
[SourceTitle "CBM 131 Extra"]
[Source "ChessBase"]
[SourceDate "2009.09.03"]
[SourceVersion "2"]
[SourceVersionDate "2009.09.16"]
[SourceQuality "1"]

1. d4 Nf6 2. Nf3 d5 3. e3 c6 4. Bd3 Bg4 5. Nbd2 e6 6. 0-0 Bd6 7. c4 0-0 8. e4 dxe4 9. Nxe4 Nxe4 10. Bxe4 Nd7 11. Re1 Qc7 12. Bxh7+ Kh8 13. Bc2 Bxh2+ 14. Kh1 Nf6 15. Bg5 Bf4 16. Bxf4 Qxf4 17. Qd2 g5 18. Qxf4 gxf4 19. Ne5 Bh5 20. f3 Rad8 21. Rad1 Rd6 22. c5 Rdd8 23. Be4 Kg7 24. Nc4 Nd5 25. Bxd5 Rxd5 26. Re5 Rfd8 27. Nd6 Bg6 28. Rxd5 exd5 29. Re1 Kf8 30. Nxb7 Rb8 31. Na5 Rxb2 32. Ra1 Rb4 33. Nxc6 Ra4 34. a3 Bf5 35. Nb4 a5 36. Nxd5 Rxd4 37. Nb6 Ke8 38. Rc1 Kd8 39. Rc4 Rxc4 40. Nxc4 a4 41. Nd6 Be6 42. Nb5 Kd7 43. Nd4 Ke7 44. Ne2 Kd7 45. Nd4 Ke7 46. g3 fxg3 47. Kg2 Kf6 48. f4 Bd5+ 49. Kxg3 Ke7 50. Kf2 Kd7 51. Ke3 Kc7 52. Nf5 Be6 53. Nd6 Kc6 54. Kd4 Bb3 55. Nc4 Kb5 56. Ne5 Ba2 57. Nd3 Bc4 58. Nb4 Be6 59. c6 Kb6 60. Ke5 Kc7 61. Nc2 Bb3 62. Nd4 Bc4 63. f5 Bb3 64. Ke4 Bc4 65. Ke5 Bb3 66. Kf6 Kd6 67. Kg7 Bc4 68. Kf8 Ke5 1-0

[Event "Vienna op 16th"]
[Site "Vienna"]
[Date "2009.08.16"]
[Round "2"]
[White "Eisenbeiser, Amadeus"]
[Black "Albadri, Abd Al Sattar"]
[Result "1-0"]
[WhiteElo "2390"]
[BlackElo "2174"]
[PlyCount "69"]
[EventDate "2009.08.15"]
[EventType "swiss"]
[EventRounds "9"]
[EventCountry "AUT"]
[SourceTitle "CBM 131 Extra"]
[Source "ChessBase"]
[SourceDate "2009.09.03"]
[SourceVersion "2"]
[SourceVersionDate "2009.09.16"]
[SourceQuality "1"]

1. c4 Nf6 2. Nc3 e5 3. g3 d5 4. cxd5 Nxd5 5. Bg2 Nb6 6. Nf3 Nc6 7. 0-0 Be7 8. d3 0-0 9. a3 Be6 10. b4 f6 11. Bb2 Qd7 12. Ne4 Nd4 13. Nxd4 exd4 14. Qc2 c6 15. Nc5 Bxc5 16. bxc5 Nc8 17. a4 Rd8 18. a5 Ne7 19. Ra4 Nf5 20. Be4 Qf7 21. Qd2 b5 22. axb6 axb6 23. Rxa8 Rxa8 24. cxb6 Ra6 25. Ra1 Rxa1+ 26. Bxa1 Qb7 27. Qb4 Ne7 28. Bxd4 Bd5 29. Qd6 Bxe4 30. dxe4 Kf7 31. Bc5 Nc8 32. Qf8+ Kg6 33. Qe8+ Kh6 34. g4 g6 35. h4 1-0